Swim with sharks [ without being eaten alive
| Main Author: | |
|---|---|
| Format: | Book |
| Published: |
Ohio :
Random House ,
1989
|
| Subjects: |
MARC
| LEADER | 00000cam a2200000 7i4500 | ||
|---|---|---|---|
| 001 | 0000000039 | ||
| 002 | 000000048 | ||
| 005 | 20021108.0 | ||
| 020 | |a 0394577361 | ||
| 090 | 0 | 0 | |a 658.85 |b MAC |
| 100 | 1 | |a Mackay, Harvey | |
| 245 | 1 | 0 | |a Swim with sharks [ |h sound recording] : |b without being eaten alive |c Harvey Mackay |
| 260 | |a Ohio : |b Random House , |c 1989 | ||
| 300 | |a 1 sound cassette (60:00 minutes) | ||
| 650 | 0 | 0 | |a Sales management |
| 999 | |a KT0041 |b KASET |c RUJUKAN |e PERPUSTAKAAN KOMUNITI PETALING JAYA | ||